000 00612nam a2200217Ia 4500
003 OSt
005 20220926045006.0
006 a|||||r|||| 00| 0
007 ta
008 220923b |||||||| |||| 00| 0 eng d
037 _cGeneral Book
040 _aRTL
_cRTL
_beng
041 _2eng
_aeng
082 _aX:76.2.N45<----N42, GD
110 _aIndia,Economic (Adviser-)
_9129813
245 0 _aWeekly index number of wholesale prices in India.
260 _c1942
700 _aIndia,Economic (Adviser-)
_9129814
942 _hX:76.2.N45<----N42, GD
_cGB
_2CC
999 _c676396
_d676396